000 00554nam a2200229Ia 4500
003 OSt
005 20221006144726.0
006 a|||||r|||| 00| 0
007 ta
008 221006b |||||||| |||| 00| 0 eng d
020 _c
_9.35 (total)
024 _a12,503
037 _cTextual
040 _aEASL
_cEASL
_beng
041 _2eng
_aeng
082 _aV41.N69, K9;1
245 0 _aTwenty years of communist China
260 _c1969
300 _a108+110p.
_ccm.
942 _hV41.N69, K9;1
_cTEXL
_2CC
999 _c1080589
_d1080589